| 000 | 00618nam a2200205 a 4500 | ||
|---|---|---|---|
| 005 | 20140310183357.0 | ||
| 008 | 121001s19uu xx 00 eng d | ||
| 020 | _a9780415878913 | ||
| 050 |
_aQA 76.59 _b.F37 2012 |
||
| 100 | _aFarman, Jason | ||
| 245 |
_aMobile interface theory : _bembodied space and locative media / _cJason Farman. |
||
| 260 |
_aNew York, NY : _bRoutledge, _c2012. |
||
| 300 |
_axii, 168 p. : _bill. ; _c23 cm. |
||
| 521 | _aIT | ||
| 650 | _aMobile computing | ||
| 650 | _aLocation-based services | ||
| 650 |
_aTelecommunication _xSocial aspects |
||
| 942 |
_cBK _2lcc _kFOR |
||
| 999 |
_c22268 _d22268 |
||